000
00318nam a22001217a 4500
020
_a
978-81-8370-640-7
082
_a
370/PAT
100
_a
Pathak,Ramesh Prashad
_9
83900
245
_a
educational thought of guru nanak dev
260
_a
New dehli
_b
Akansha publishing house
_c
2022
650
_a
Education
942
_c
BK
999
_c
68903
_d
68903